000111969 001__ 111969 000111969 005__ 20220329090305.0 000111969 037__ $$aTAZ-TFG-2018-767 000111969 041__ $$aspa 000111969 1001_ $$aGrados Saso , Isabel 000111969 24200 $$aUrinary infection at 90 days following Radical cystectomy. 000111969 24500 $$aInfección urinaria a 90 días tras cistectomía radical. 000111969 260__ $$aZaragoza$$bUniversidad de Zaragoza$$c2018 000111969 500__ $$aResumen disponible también en inglés 000111969 506__ $$aby-nc-sa$$bCreative Commons$$c3.0$$uhttp://creativecommons.org/licenses/by-nc-sa/3.0/ 000111969 520__ $$aINTRODUCCIÓN: La infección del tracto urinario (ITU) continúa siendo una de las complicaciones más frecuentes tras la cistectomía radical (CR). Uno de los factores que incrementan la tasa de ITU es el manejo de catéteres ureterales. Este trabajo pretende valorar la tasa de ITU tras CR existente en el HCU Lozano Blesa y compararla con lo descrito en la bibliografía, así como conocer los factores favorecedores y protectores relacionados en nuestra muestra para plantear medidas que puedan mejorar los resultados. MATERIAL Y MÉTODOS: Estudio retrospectivo de los pacientes sometidos a CR por cáncer vesical en el HCU Lozano Blesa, desde enero de 2012 hasta julio 2017.Se recogen como variables principales: reingreso por ITU en los siguientes 90 días a la cirugía y reingreso por ITU tras retirada de catéteres a 90 días. RESULTADOS: La proporción de ITU es del 14,63% en la población objeto de estudio , el 45,8% tras retirada de catéteres. Unicamente la variable analgesia se identifica como factor protector de ITU. OR=0,333 (IC95%: 0,126-0,881), p valor= 0,027 con una probabilidad un 66,7% menor de tener ingreso por ITU tras CR. La proporción de ITU tras retirada es del 9,40%.En el análisis multivariante únicamente el tipo de derivación se mantiene como factor de riesgo estadísticamente significativo. El tipo Studer vs Bricker tiene mayor riesgo de ITU tras retirada de catéteres OR=4,461 (IC95%=1.146-17.364). CONCLUSIONES: La tasa de ITU a 90 días es comparable con la bibliografía existente.La derivación urinaria tipo Studer se asocia a mayor riesgo de ITU tras retirada de catéteres.El 45,8% de los reingresos por ITU se producen tras la retirada de catéteres.La retirada precoz de catéteres, a los 10 días, y la profilaxis antibiótica, van encaminadas a reducir la tasa de ITU. En el estudio piloto realizado con este fin, ningún paciente presenta ITU tras la retirada de los catéteres.<br /> 000111969 521__ $$aGraduado en Medicina 000111969 540__ $$aDerechos regulados por licencia Creative Commons 000111969 700__ $$aSubirá Ríos, Jorge$$edir. 000111969 7102_ $$aUniversidad de Zaragoza$$bCirugía, Ginecología y Obstetricia$$cUrología 000111969 8560_ $$f555150@celes.unizar.es 000111969 8564_ $$s594080$$uhttps://zaguan.unizar.es/record/111969/files/TAZ-TFG-2018-767.pdf$$yMemoria (spa) 000111969 909CO $$ooai:zaguan.unizar.es:111969$$pdriver$$ptrabajos-fin-grado 000111969 950__ $$a 000111969 951__ $$adeposita:2022-03-29 000111969 980__ $$aTAZ$$bTFG$$cMED 000111969 999__ $$a20180529150821.CREATION_DATE